Money disbursements of employed wage earners and clerical workers in twelve cities of the South, 1934-36, (Record no. 36356)

MARC details
000 -LEADER
fixed length control field 01345cam a22002891 4500
001 - CONTROL NUMBER
control field l 41000031
003 - CONTROL NUMBER IDENTIFIER
control field DLC
005 - DATE AND TIME OF LATEST TRANSACTION
control field 20260227111537.0
008 - FIXED-LENGTH DATA ELEMENTS--GENERAL INFORMATION
fixed length control field 781122s1941 dcua f000 0 eng c
010 ## - LIBRARY OF CONGRESS CONTROL NUMBER
LC control number l 41000031
035 ## - SYSTEM CONTROL NUMBER
System control number (OCoLC)4393793
040 ## - CATALOGING SOURCE
Original cataloging agency U.S. Dept. of Labor. Libr.
Transcribing agency WMUW
Modifying agency WMUW
-- OCoLC
-- DLC
050 00 - LIBRARY OF CONGRESS CALL NUMBER
Classification number HD8051
Item number .A62 no. 640
082 ## - DEWEY DECIMAL CLASSIFICATION NUMBER
Classification number 331.06173
110 1# - MAIN ENTRY--CORPORATE NAME
Corporate name or jurisdiction name as entry element United States.
Subordinate unit Bureau of Labor Statistics.
245 10 - TITLE STATEMENT
Title Money disbursements of employed wage earners and clerical workers in twelve cities of the South, 1934-36,
Statement of responsibility, etc. by Faith M. Williams and Alice C. Hanson, assisted by Genevieve B. Wimsatt of the Bureau of Labor Statistics.
260 ## - PUBLICATION, DISTRIBUTION, ETC.
Place of publication, distribution, etc. Washington,
Name of publisher, distributor, etc. U.S. Govt. Print. Off.,
Date of publication, distribution, etc. 1941.
300 ## - PHYSICAL DESCRIPTION
Extent xii, 700 p.
Other physical details tables, diagrs., forms.
Dimensions 23 cm.
490 1# - SERIES STATEMENT
Series statement Its Bulletin
Volume/sequential designation no. 640
500 ## - GENERAL NOTE
General note At head of title: United States Department of Labor, Frances Perkins, secretary. Bureau of Labor Statistics, Isador Lubin, commissioner.
650 #0 - SUBJECT ADDED ENTRY--TOPICAL TERM
Topical term or geographic name entry element Cost and standard of living
Geographic subdivision United States.
650 #0 - SUBJECT ADDED ENTRY--TOPICAL TERM
Topical term or geographic name entry element Cost and standard of living
Geographic subdivision Southern States.
700 1# - ADDED ENTRY--PERSONAL NAME
Personal name Williams, Faith M.
Fuller form of name (Faith Moors),
Dates associated with a name 1893-
700 1# - ADDED ENTRY--PERSONAL NAME
Personal name Jones, Alice Hanson,
Dates associated with a name 1904-
700 1# - ADDED ENTRY--PERSONAL NAME
Personal name Wimsatt, Genevieve B.
Fuller form of name (Genevieve Beckwith),
Dates associated with a name 1912-
810 1# - SERIES ADDED ENTRY--CORPORATE NAME
Corporate name or jurisdiction name as entry element United States.
Subordinate unit Bureau of Labor Statistics.
Title of a work Bulletin
Volume/sequential designation no. 640.

No items available.

Powered by Koha